Loading...
| Pop Culture | 2 | 1 | 0 | 0 | 40 | 15 | 61.67 | 2 | 3 |
| History - American History | 0 | 4 | 1 | 1 | 35 | 98 | 118.75 | 1 | 4 |
| History - Other History | 1 | 2 | 0 | 2 | 35 | 37 | 98.00 | 1 | 3 |
| History - World History | 0 | 4 | 1 | 3 | 35 | 94 | 123.00 | 2 | 4 |
| History - European History | 1 | 2 | 0 | 0 | 35 | 37 | 71.00 | 1 | 3 |
| Mythology | 0 | 3 | 0 | 2 | 30 | 107 | 122.00 | 0 | 3 |
| Fine Arts - Other Fine Arts | 0 | 3 | 0 | 1 | 30 | 91 | 114.00 | 0 | 3 |
| Science - Other Science | 1 | 1 | 0 | 1 | 25 | 33 | 75.00 | 1 | 2 |
| Fine Arts - Visual Fine Arts | 2 | 0 | 1 | 0 | 25 | 65 | 68.50 | 1 | 2 |
| Literature - American Literature | 1 | 1 | 0 | 1 | 25 | 46 | 93.00 | 0 | 2 |
| Other Academic | 0 | 2 | 0 | 1 | 20 | 79 | 102.00 | 1 | 2 |
| Fine Arts - Auditory Fine Arts | 0 | 1 | 0 | 0 | 10 | 109 | 109.00 | 1 | 1 |
| Literature - World Literature | 0 | 1 | 0 | 1 | 10 | 145 | 145.00 | 0 | 1 |
| Philosophy | 0 | 1 | 0 | 1 | 10 | 135 | 135.00 | 0 | 1 |
| Science - Biology | 0 | 1 | 0 | 0 | 10 | 109 | 109.00 | 0 | 1 |
| Science - Chemistry | 0 | 1 | 0 | 1 | 10 | 132 | 132.00 | 0 | 1 |
| Social Science | 0 | 1 | 1 | 0 | 5 | 110 | 110.00 | 0 | 1 |
| Mythology- Edited | 0 | 0 | 1 | 0 | -5 | 0.00 | 0 | 0 |